01508nam a2200469 i 450000100060000000300090000600500170001500800390003201500170007103500230008803500360011103500140014703500200016103500230018103500440020404000280024804600090027608000080028508000120029310000400030524500430034526000560038830000280044433600270047233700540049933800280055338000160058138000270059738500390062438800140066338800140067750400140069165000290070565500350073465800240076965800280079371000360082185600980085794200120095599900170096795200540098410718KOSZ 00520191017104340.0090224s1959 pl a f |000 0 pol aPB 1959/5280 a991048303179705066 a(PL-WaBN)b23405028-48omnis_nlop ab23405028 a(OCoLC)69370525 a(PL)b0000002340502 a(EXLNZ-48OMNIS_NETWORK)9910452853905606 aWA NcWA NdKOSZ 005/EG k1959 a532 a(075.8)1 aBukowski, Jerzyd(1902-1982)eAutor10aMechanika płynów /cJerzy Bukowski. aWarszawa :bPaństwowe Wydawnictwo Naukowe,c1959. a444 s. :bil. ;c25 cm. 2rdacontentaTekstbtxt 2rdamediaaBez urządzenia pośredniczącegobn 2rdacarrieraWoluminbnc aKsiążki aPublikacje dydaktyczne mPoziom nauczaniaaSzkoły wyższe a1901-2000 a1945-1989 aBibliogr. 7aMechanika płynów2DBN 7aPodręczniki akademickie2DBN aFizyka i astronomia aInżynieria i technika2 aPaństwowe Wydawnictwo Naukowe uhttp://koha.tu.koszalin.pl/cgi-bin/koha/opac-detail.pl?biblionumber=10718yKatalog online BPK 2UKDcKS c10718d10718 00104071aBPKbBPKcco410p01816266t532 HyKS